Návrh komunikačnej stratégie značky na sociálnej sieti v kontexte špecifík pivovarníckeho odvetvia diplomová práca

Salvato in:
Dettagli Bibliografici
Autore principale: Iľašová, Zuzana
Ente Autore: Obchodná fakulta EU. Katedra marketingu
Altri autori: Lukačovičová, Zuzana
Natura: Libro
Lingua:slovacco
Pubblicazione: Bratislava 2014
Tags: Aggiungi Tag
Nessun Tag, puoi essere il primo ad aggiungerne!!

MARC

LEADER 00000nbm a2200000 4500
001 0185946
005 20170201094029.1
041 0 |a slo 
044 |a SK 
245 1 0 |a Návrh komunikačnej stratégie značky na sociálnej sieti v kontexte špecifík pivovarníckeho odvetvia  |b diplomová práca  |c Zuzana Iľašová ; školiteľ: Zuzana Lukačovičová 
264 1 |a Bratislava  |c 2014 
300 |a 89 s. 
100 1 |a Iľašová, Zuzana 
700 1 |a Lukačovičová, Zuzana 
710 2 |a Obchodná fakulta EU. Katedra marketingu